| 000 | 00992nam a22002777a 4500 | ||
|---|---|---|---|
| 999 |
_c1055 _d1055 |
||
| 003 | AR-CdUCM | ||
| 008 | 190226b ||||| |||| 00| 0 spa d | ||
| 040 |
_aMUNICIPALIDAD PROVINCIAL DEL CUSCO _cBIBLIOTECA MUNICIPAL DEL CUSCO |
||
| 082 |
_22 ed. _a376.36 / _bC43 |
||
| 110 |
_aDESCO, Centro de Estudios y Promoción del Desarrollo (Lima) _94125 |
||
| 245 |
_a¿Cuesta arriba o cuesta abajo? : _bun análisis crítico de los textos de lectura de primaria / |
||
| 260 |
_aLima : _bPerugraph Editores, _c1976. |
||
| 300 |
_a159 páginas ; _bilustración ; _c18 cm. |
||
| 440 |
_aPraxis _n2 _94126 |
||
| 650 |
_aRevolución cultural _94127 |
||
| 650 |
_aReforma educativa _94128 |
||
| 650 |
_aEducación _9460 |
||
| 650 |
_aContexto social _94129 |
||
| 650 |
_aRealidad Nacional _91454 |
||
| 700 |
_aBoggio, Ana _94130 |
||
| 700 |
_aLora, Carmen _94131 |
||
| 700 |
_aRiofrío, Gustavo _94132 |
||
| 700 |
_aRoncagliiolo, Rafael _94133 |
||
| 942 |
_2ddc _cLIBROS |
||
| 945 |
_araen _d2019-02-26 |
||